00407nam a2200097Ia 4500008004100000020001800041100002700059245016000086260004400246300001900290180430s9999 xx 000 0 und d a9786218029156 aMillan, Zeus Vernon B. aGovernment accounting & accounting for non-profit organizations /bBased on government accounting manual for national government agencies (GAM for NGA's) / aBaguio City:bBandolin Enterprisec2018 aiii, 483 pages